| 000 | 00654nam a2200217 a 4500 | ||
|---|---|---|---|
| 005 | 20230131063748.0 | ||
| 008 | 060920s1988 000 eng d | ||
| 020 | _a0130411469 | ||
| 035 | _aUPN01000148859 | ||
| 049 | _aCG | ||
| 050 | 4 |
_aQA278 _bJ6.3 1988 |
|
| 100 | 1 | _aJohnson, Richard Arnold | |
| 245 | 1 | 0 |
_aApplied multivariate statistical analysis / _cRichard A. Johnson, Dean W. Wichern. |
| 250 | _a2a ed. | ||
| 260 |
_aNew Jersey, : _bPrentice-Hall, _c1988. |
||
| 300 |
_a607 p. : _bil. |
||
| 440 | 0 | _aPrentice Halls series in statistics | |
| 650 | 2 |
_aAnĂ¡lisis multivariado _96470 |
|
| 700 | 1 |
_aWichern, Dean W., _ecoaut. |
|
| 905 | _aLibro | ||
| 999 |
_c121000 _d121000 |
||